Hybridné pohony osobných automobilov

Saved in:
Bibliographic Details
Main Author: Szelepcsényi, Erik (Author)
Other Authors: Minárik, Matej (Thesis advisor)
Format: Manuscript Book
Language:Slovak
Published: 2020
Subjects:
Online Access:http://is.stuba.sk/zp/portal_zp.pl?podrobnosti=153265
Tags: Add Tag
No Tags, Be the first to tag this record!

MARC

LEADER 00000ntm a22000003a 4500
001 stuzp74301
003 SK-STU
005 20200711210246.3
007 ta
008 150427s2015----xo-----f-mn---000-0-slo-d
040 |a STU  |b slo 
041 0 |a slo 
100 1 |a Szelepcsényi, Erik  |u 020030  |4 aut  |U SjF Strojnícka fakulta  |T SjF Ústav dopravnej techniky a konštruovania  |X 87717  |U J0030  |Y 806  |7 87717 
242 0 1 |a Hybrid drivetrains of passenger cars  |y eng 
245 1 0 |a Hybridné pohony osobných automobilov 
260 |c 2020 
650 4 |a Atkinson cycle  |2 eng 
650 4 |a emissions  |2 eng 
650 4 |a hybrid drivetrain  |2 eng 
650 4 |a Miller cycle  |2 eng 
650 4 |a internal combustion engine  |2 eng 
650 4 |a battery  |2 eng 
650 4 |a emisie  |2 slo 
650 4 |a Millerov cyklus  |2 slo 
650 4 |a spaľovací motor  |2 slo 
650 4 |a akumulátor  |2 slo 
650 4 |a Atkinsonov cyklus  |2 slo 
650 4 |a hybridný pohon  |2 slo 
700 1 |a Minárik, Matej  |u 020030  |k Z3  |4 ths  |U SjF Strojnícka fakulta  |T SjF Ústav dopravnej techniky a konštruovania  |X 63061  |U J0030  |Y 806  |7 63061 
856 4 |u http://is.stuba.sk/zp/portal_zp.pl?podrobnosti=153265